| 000 | 01357nam a22003377a 4500 | ||
|---|---|---|---|
| 003 | EG-ScBUE | ||
| 005 | 20211125133414.0 | ||
| 008 | 120419s1996 ua f 0000p bara d | ||
| 017 | _a96 / 4075 | ||
| 040 |
_aEG-ScBUE _bara _erda _cEG-ScBUE _dEG-ScBUE |
||
| 041 | 1 |
_aara _heng |
|
| 082 | 0 | 4 |
_a841.8 _bم ي ل _222 |
| 100 | 1 |
_929668 _aميللر، هنري، _d1891-1980، _eمؤلف. |
|
| 240 | 1 | 0 |
_aTime of the assassins. _lArabic |
| 245 | 1 | 0 |
_aرامبو وزمن القتلة / _cتأليف هنري ميللر ؛ ترجمة سعدي يوسف. |
| 264 | 1 |
_aالقاهرة : _bالهيئة العامة لقصور الثقافة، _c1996. |
|
| 300 |
_a124 صفحة ؛ _c17 سم. |
||
| 336 |
_2rdacontent _aنص _btxt |
||
| 337 |
_2rdamedia _aبدون وسيط _bn |
||
| 338 |
_2rdacarrier _aمجلد _bnc |
||
| 490 | 0 |
_aآفاق الترجمة ؛ _v12 |
|
| 546 | _aالنص باللغة العربية وتم ترجمته من اللغة الإنجليزية. | ||
| 600 | 1 | 7 |
_aرامبو، آرثر، _d1854-1891. _2BUEsh |
| 650 | 7 |
_929670 _aالأدباء الفرنسيون _vتراجم. _2BUEsh |
|
| 650 | 7 |
_aالأدب الفرنسي _xتاريخ ونقد. _2BUEsh |
|
| 651 | _2BUEsh | ||
| 653 |
_cApril2012 _bHHUUEENN |
||
| 655 |
_vReading book _934232 |
||
| 700 | 1 |
_929669 _aيوسف، سعدي، _d1934- _eمترجم. |
|
| 942 |
_2ddc _cBB |
||
| 999 |
_c16669 _d16669 |
||